[Event "Pere Noel Online"]
[Site "Chess.com"]
[Date "2020.12.27"]
[Round "2"]
[White "Kot, Emanuel"]
[Black "Therrien, Michel"]
[Result "0-1"]
[WhiteElo "1645"]
[BlackElo "1650"]
[PlyCount "158"]
[EventDate "2020.12.27"]
[EventType "swiss"]
[EventRounds "6"]
[EventCountry "CAN"]

1. e4 Nf6 2. e5 Nd5 3. d4 Nb6 4. c4 d6 5. exd6 exd6 6. Nc3 Be7 7. Nf3 O-O 8.
Be2 Bf6 9. b3 Nc6 10. Be3 Re8 11. O-O Bg4 12. Qd2 d5 13. c5 Nc8 14. Ne1 Bxe2
15. Nxe2 N8e7 16. Ng3 Qd7 17. Nf3 g6 18. b4 Nf5 19. Nxf5 Qxf5 20. b5 Nd8 21.
Rfd1 Ne6 22. a4 g5 23. Rac1 Nf4 24. Qc2 Qg4 25. Bxf4 Qxf4 26. Qd2 Qxd2 27. Nxd2
Re2 28. Nb1 c6 29. Nc3 Rb2 30. Kf1 Re8 31. g4 Rb4 32. Ne2 Re4 33. bxc6 bxc6 34.
Rb1 Rxa4 35. Ra1 Rxa1 36. Rxa1 Bxd4 37. Nxd4 Rxd4 38. Rxa7 Rc4 39. Ra5 Kg7 40.
Ke2 Kg6 41. f3 h5 42. h3 h4 43. Kd3 Kf6 44. Ke3 Ke5 45. Ra7 Ke6 46. Ra5 f6 47.
Kd3 Ke5 48. Ke3 Rc3+ 49. Ke2 d4 50. Ra8 Re3+ 51. Kf2 Kd5 52. Rd8+ Kxc5 53. Rf8
Re6 54. Ra8 Kd5 55. Rd8+ Kc4 56. Ra8 c5 57. Ra4+ Kb3 58. Ra8 d3 59. Rd8 c4 60.
f4 gxf4 61. Kf3 Kc2 62. Kxf4 d2 63. Kf5 Rc6 64. g5 fxg5 65. Kxg5 d1=Q 66. Rxd1
Kxd1 67. Kxh4 c3 68. Kg5 c2 69. h4 c1=Q+ 70. Kf5 Qc5+ 71. Ke4 Qb4+ 72. Kf3 Qxh4
73. Kg2 Rg6+ 74. Kf3 Qf6+ 75. Ke3 Rg7 76. Ke4 Rg5 77. Ke3 Re5+ 78. Kd4 Qd6+ 79.
Kc4 Rc5+ 0-1

[Event "Pere Noel Online"]
[Site "Chess.com"]
[Date "2020.12.27"]
[Round "2"]
[White "Lynch, Jonathan"]
[Black "Dube, Dominic"]
[Result "0-1"]
[WhiteElo "1778"]
[BlackElo "1843"]
[PlyCount "66"]
[EventDate "2020.12.27"]
[EventType "swiss"]
[EventRounds "6"]
[EventCountry "CAN"]

1. d4 c6 2. Bf4 d5 3. e3 Bf5 4. f3 h6 5. g4 Bh7 6. h4 e6 7. Bd3 Bxd3 8. Qxd3
Be7 9. Bg3 Qb6 10. b3 Nf6 11. Nd2 a5 12. Ne2 Na6 13. a3 Rc8 14. c4 c5 15. Be5
Qd8 16. Kf2 Rg8 17. Nf4 Nc7 18. g5 Nd7 19. Bxc7 Qxc7 20. g6 Bf6 21. gxf7+ Kxf7
22. Qg6+ Ke7 23. cxd5 cxd4 24. Nc4 dxe3+ 25. Kxe3 Qc5+ 26. Ke2 exd5 27. Rad1
dxc4 28. Rxd7+ Kxd7 29. Rd1+ Kc6 30. Qe4+ Kb6 31. Nd5+ Ka7 32. Kf1 cxb3 33. Qa4
Qc4+ 0-1

[Event "Pere Noel Online"]
[Site "Chess.com"]
[Date "2020.12.27"]
[Round "2"]
[White "Mitrabha, Guha"]
[Black "Stojanovski, Sandi"]
[Result "1-0"]
[WhiteElo "2599"]
[BlackElo "2062"]
[PlyCount "107"]
[EventDate "2020.12.27"]
[EventType "swiss"]
[EventRounds "6"]
[EventCountry "CAN"]

1. d4 d5 2. c4 e6 3. Nc3 Bb4 4. g3 Nf6 5. Bg2 O-O 6. Nf3 dxc4 7. O-O Nc6 8. Bg5
Rb8 9. Rc1 b5 10. b3 Ba3 11. Rb1 Bb4 12. Ne4 Be7 13. Bxf6 Bxf6 14. bxc4 b4 15.
e3 a5 16. Qa4 Bb7 17. Nfd2 Be7 18. Nb3 Qe8 19. Rfc1 Ba8 20. Nxa5 Nxa5 21. Qxa5
f5 22. Nd2 Bxg2 23. Kxg2 Qc6+ 24. Nf3 Ra8 25. Qe5 Bf6 26. Qb5 Qe4 27. Qxb4 Rxa2
28. Qb3 Rfa8 29. Rb2 R2a3 30. Qc2 Qc6 31. Rcb1 Kf7 32. Qe2 Qe4 33. Qc2 Qxc2 34.
Rxc2 g5 35. h3 h5 36. Rb7 R8a7 37. Rxa7 Rxa7 38. g4 hxg4 39. hxg4 c5 40. dxc5
Rc7 41. gxf5 exf5 42. Nd4 Rxc5 43. Nb3 Rc7 44. c5 Ke6 45. Rd2 Be7 46. c6 Bf6
47. Nc5+ Ke7 48. Rd5 f4 49. exf4 gxf4 50. Rd7+ Rxd7 51. cxd7 Be5 52. Kf3 Bd4
53. d8=Q+ Kxd8 54. Ne6+ 1-0

[Event "Pere Noel Online"]
[Site "Chess.com"]
[Date "2020.12.27"]
[Round "2"]
[White "Saha, Ananda"]
[Black "Laroche, Hugo"]
[Result "0-1"]
[WhiteElo "2006"]
[BlackElo "1826"]
[PlyCount "124"]
[EventDate "2020.12.27"]
[EventType "swiss"]
[EventRounds "6"]
[EventCountry "CAN"]

1. d4 d5 2. c4 c6 3. Nf3 Nf6 4. e3 Bf5 5. Nc3 e6 6. Nh4 Bg4 7. Qb3 Qb6 8. f3
Bh5 9. g4 Bg6 10. c5 Qc7 11. Bd2 Nbd7 12. g5 Ng8 13. Nxg6 hxg6 14. e4 b6 15.
cxb6 Qxb6 16. Qxb6 axb6 17. Rc1 Bd6 18. Kf2 Ne7 19. a3 b5 20. Na2 Nb6 21. e5
Bb8 22. Bb4 Nc4 23. Bxc4 dxc4 24. Bxe7 Kxe7 25. Nb4 Rc8 26. f4 Ba7 27. Rhd1 c5
28. Nc2 Rd8 29. dxc5 Bxc5+ 30. Kf3 Rd5 31. Rxd5 exd5 32. Rd1 Ke6 33. h4 Rd8 34.
Nd4+ Bxd4 35. Rxd4 b4 36. axb4 Rb8 37. Ke3 Rxb4 38. Rd2 Rb3+ 39. Kd4 Rh3 40.
Kc5 Rxh4 41. Rxd5 Rxf4 42. Rd4 Rf2 43. Rxc4 Rxb2 44. Kd4 Rg2 45. Rc6+ Kd7 46.
Ra6 Rxg5 47. Kd5 f6 48. Ra7+ Ke8 49. Rxg7 Rxe5+ 50. Kd4 g5 51. Rh7 Kf8 52. Ra7
Re7 53. Ra8+ Kg7 54. Rb8 g4 55. Rb5 Kg6 56. Rb8 f5 57. Rg8+ Kh5 58. Kd5 Kh4 59.
Kd6 Re1 60. Rh8+ Kg3 61. Kd5 f4 62. Kd4 f3 0-1

[Event "Pere Noel Online"]
[Site "Chess.com"]
[Date "2020.12.27"]
[Round "2"]
[White "Tanaka, Tyler"]
[Black "Huang, Qiuyu"]
[Result "1-0"]
[WhiteElo "2415"]
[BlackElo "2069"]
[PlyCount "47"]
[EventDate "2020.12.27"]
[EventType "swiss"]
[EventRounds "6"]
[EventCountry "CAN"]

1. Nf3 d5 2. g3 Nf6 3. Bg2 c5 4. O-O Nc6 5. d4 e6 6. c4 cxd4 7. Nxd4 Bc5 8. Nb3
Be7 9. cxd5 exd5 10. Nc3 Be6 11. Be3 b6 12. Bg5 O-O 13. Qd2 Rc8 14. Rfd1 a5 15.
Rac1 a4 16. Nxa4 Ne4 17. Bxe7 Nxe7 18. Qe3 Nf5 19. Qxb6 Qg5 20. Rxc8 Rxc8 21.
Nac5 Nxf2 22. Nxe6 Qf6 23. Qxf2 fxe6 24. g4 1-0

[Event "Pere Noel Online"]
[Site "Chess.com"]
[Date "2020.12.27"]
[Round "2"]
[White "Zhe, Jia"]
[Black "Fundaro, Jean-Pierre"]
[Result "0-1"]
[WhiteElo "1626"]
[BlackElo "1743"]
[PlyCount "60"]
[EventDate "2020.12.27"]
[EventType "swiss"]
[EventRounds "6"]
[EventCountry "CAN"]

1. e4 e5 2. Nf3 Nc6 3. Bb5 Nf6 4. O-O d6 5. d4 Bd7 6. Nc3 exd4 7. Nxd4 Nxd4 8.
Bxd7+ Qxd7 9. Qxd4 Be7 10. b3 O-O 11. Bb2 Qg4 12. h3 Qg6 13. Rae1 Nh5 14. f4
Bf6 15. e5 dxe5 16. fxe5 Be7 17. Nd5 Bd8 18. Nf4 Nxf4 19. Rxf4 c6 20. Qc3 Bb6+
21. Kh1 Rad8 22. e6 fxe6 23. Rg4 Qxg4 24. hxg4 Rf6 25. Bc1 Rdf8 26. Kh2 Bc7+
27. Kh3 Rg6 28. Qc4 Rff6 29. g5 Rf8 30. Rxe6 b5 0-1

[Event "Pere Noel Online"]
[Site "Chess.com"]
[Date "2020.12.27"]
[Round "3"]
[White "Huang, Qiuyu"]
[Black "Dube, Dominic"]
[Result "1-0"]
[WhiteElo "2097"]
[BlackElo "1776"]
[PlyCount "129"]
[EventDate "2020.12.27"]
[EventType "swiss"]
[EventRounds "6"]
[EventCountry "CAN"]

1. e4 c6 2. d4 d5 3. exd5 cxd5 4. Bd3 Nf6 5. c3 e6 6. Bf4 Bd6 7. Bxd6 Qxd6 8.
Nf3 Nc6 9. O-O O-O 10. Re1 Ne8 11. Ng5 f5 12. Qe2 Nc7 13. Nd2 Bd7 14. Nh3 Rf6
15. g3 Rh6 16. Nf4 Re8 17. Nf3 Nd8 18. h4 Rf6 19. Ne5 Re7 20. h5 Be8 21. Kg2
Qb6 22. Nf3 Nf7 23. b3 Nd6 24. c4 Ne4 25. c5 Qb4 26. Qc2 Bb5 27. a3 Bxd3 28.
Nxd3 Qb5 29. Nfe5 Qe8 30. f3 Ng5 31. Qd2 Nf7 32. Nf4 Nxe5 33. Rxe5 Rh6 34. Rae1
g5 35. Nxd5 Rg7 36. Nxc7 Qxh5 37. Kf2 Qh2+ 38. Ke3 f4+ 39. Kd3 Qxg3 40. Rxe6
Qxf3+ 41. Kc2 Rh3 42. Re8+ Kf7 43. R8e7+ Kg8 44. Re8+ Kf7 45. Qb4 Qd3+ 46. Kc1
Kg6 47. R8e6+ Kf5 48. Ne8 Rd7 49. Nf6 Rxd4 50. R1e5+ Kg6 51. Ne4+ Kf7 52. Qxb7+
Rd7 53. Nxg5+ Kg7 54. Qxd7+ Qxd7 55. Re7+ Qxe7 56. Rxe7+ Kf6 57. Nxh3 Kxe7 58.
Nxf4 Kd7 59. Kc2 Kc6 60. b4 Kb5 61. Kc3 a5 62. Kd4 axb4 63. axb4 Kc6 64. Kc4
Kc7 65. b5 1-0

[Event "Pere Noel Online"]
[Site "Chess.com"]
[Date "2020.12.27"]
[Round "3"]
[White "Jacobs, Jon"]
[Black "Adam, Rafael"]
[Result "1-0"]
[WhiteElo "2123"]
[BlackElo "1903"]
[PlyCount "127"]
[EventDate "2020.12.27"]
[EventType "swiss"]
[EventRounds "6"]
[EventCountry "CAN"]

1. e4 e5 2. Nf3 Nc6 3. Bb5 a6 4. Ba4 Nf6 5. O-O Nxe4 6. d4 b5 7. Bb3 d5 8. dxe5
Be6 9. c3 Be7 10. Nbd2 Nc5 11. Bc2 d4 12. cxd4 Nxd4 13. Nxd4 Qxd4 14. Nf3 Qxd1
15. Rxd1 h6 16. Be3 Bd7 17. Nd4 Ne6 18. Nf5 Bf8 19. Be4 O-O-O 20. Rac1 Kb8 21.
f4 g6 22. Ng3 Bg7 23. Kf2 Bc8 24. b4 Bb7 25. Bxb7 Kxb7 26. Ne4 Rhe8 27. Kf3 Bf8
28. a3 Be7 29. g4 Ng7 30. Nc5+ Bxc5 31. Bxc5 h5 32. h3 hxg4+ 33. hxg4 Ne6 34.
Be3 Rh8 35. Kg3 Rxd1 36. Rxd1 Kc6 37. f5 gxf5 38. gxf5 Ng7 39. Kg4 Rg8 40. Bg5
a5 41. bxa5 Ra8 42. Rc1+ Kd7 43. Bd2 Rg8 44. Bb4 Ne8+ 45. Kf4 Ng7 46. Rd1+ Kc6
47. Ke4 Nh5 48. e6 Nf6+ 49. Kf4 Nh5+ 50. Ke5 f6+ 51. Ke4 Rg4+ 52. Ke3 Rg3+ 53.
Ke2 Rg8 54. e7 Ng7 55. Rd8 Ne8 56. Kf3 Kb7 57. Bc3 Ka6 58. Bd4 Kb7 59. Bxf6 Kc6
60. a6 Kb6 61. Ra8 c5 62. Be5 c4 63. f6 Kc5 64. f7 1-0

[Event "Pere Noel Online"]
[Site "Chess.com"]
[Date "2020.12.27"]
[Round "3"]
[White "Kot, Emanuel"]
[Black "Zhe, Jia"]
[Result "1-0"]
[WhiteElo "1752"]
[BlackElo "1572"]
[PlyCount "75"]
[EventDate "2020.12.27"]
[EventType "swiss"]
[EventRounds "6"]
[EventCountry "CAN"]

1. e4 c5 2. Nf3 d6 3. d4 cxd4 4. Nxd4 Nf6 5. Nc3 a6 6. f3 e5 7. Nb3 Be6 8. Be3
Be7 9. Qd2 Nbd7 10. O-O-O Qc7 11. g4 O-O 12. h4 Nc5 13. Nxc5 dxc5 14. Qg2 Rfd8
15. Rxd8+ Rxd8 16. h5 b5 17. g5 Ne8 18. g6 b4 19. Nd5 Bxd5 20. exd5 Bd6 21. Bc4
f5 22. h6 Nf6 23. Bg5 Rd7 24. Rg1 Nh5 25. gxh7+ Kh8 26. Bh4 Nf4 27. Qg3 Kxh7
28. Bg5 Nh5 29. Qg2 Qc8 30. Be7 Rxe7 31. Qg6+ Kh8 32. Qxd6 Qe8 33. hxg7+ Nxg7
34. Qh6+ Kg8 35. d6+ Rf7 36. Bxf7+ Qxf7 37. Qxg7+ Qxg7 38. Rxg7+ 1-0

[Event "Pere Noel Online"]
[Site "Chess.com"]
[Date "2020.12.27"]
[Round "3"]
[White "Latorre, Vincent"]
[Black "Fundaro, Jean-Pierre"]
[Result "1-0"]
[WhiteElo "1990"]
[BlackElo "1735"]
[PlyCount "39"]
[EventDate "2020.12.27"]
[EventType "swiss"]
[EventRounds "6"]
[EventCountry "CAN"]

1. e4 e5 2. Nf3 Nc6 3. Bc4 Nf6 4. d3 d5 5. exd5 Nxd5 6. O-O Bg4 7. Nc3 Nf6 8.
Re1 Bd6 9. Bg5 h6 10. Bh4 g5 11. Bg3 Qd7 12. Bxe5 Bxe5 13. Nxe5 Nxe5 14. Rxe5+
Be6 15. Qe2 O-O 16. Rxe6 Rae8 17. Rxe8 Rxe8 18. Qf3 Qe7 19. Rf1 Qe5 20. Ne4 1-0

[Event "Pere Noel Online"]
[Site "Chess.com"]
[Date "2020.12.27"]
[Round "3"]
[White "Magner, Wilhelm"]
[Black "Dube, Daniel"]
[Result "1-0"]
[WhiteElo "1979"]
[BlackElo "1654"]
[PlyCount "89"]
[EventDate "2020.12.27"]
[EventType "swiss"]
[EventRounds "6"]
[EventCountry "CAN"]

1. d4 Nf6 2. Bf4 g6 3. Nc3 Bg7 4. e4 d6 5. Qd2 c6 6. Nf3 b5 7. a3 Nbd7 8. O-O-O
a5 9. e5 b4 10. exf6 bxc3 11. Qxc3 Nxf6 12. Be2 Qb6 13. Rhe1 Nd5 14. Qd2 Rb8
15. b3 Be6 16. Bh6 O-O 17. Bxg7 Kxg7 18. Ng5 Bd7 19. Bc4 h6 20. Bxd5 cxd5 21.
Rxe7 Bf5 22. g4 Bxc2 23. Ne6+ Kf6 24. Re1 Kxe7 25. Nf4+ Be4 26. Nxd5+ Kd7 27.
Nxb6+ Rxb6 28. Rxe4 Rxb3 29. Qxa5 Rc8+ 30. Kd2 Rb2+ 31. Kd1 Rb1+ 32. Ke2 Rc2+
33. Kf3 Rb3+ 34. Re3 Rbb2 35. Qa7+ Rc7 36. Re7+ Kxe7 37. Qxc7+ Ke6 38. Qc4+ Kd7
39. Qxf7+ Kc6 40. Qxg6 Rb3+ 41. Kg2 Rxa3 42. Qxh6 Rd3 43. Qe3 Kd5 44. Qxd3 Ke6
45. Qe4+ 1-0

[Event "Pere Noel Online"]
[Site "Chess.com"]
[Date "2020.12.27"]
[Round "3"]
[White "Sowa, Ryan"]
[Black "Mitrabha, Guha"]
[Result "1/2-1/2"]
[WhiteElo "1921"]
[BlackElo "2577"]
[PlyCount "43"]
[EventDate "2020.12.27"]
[EventType "swiss"]
[EventRounds "6"]
[EventCountry "CAN"]

1. Nf3 d5 2. d4 c6 3. Bf4 Bf5 4. e3 Nd7 5. c4 e6 6. Qb3 Qb6 7. c5 Qxb3 8. axb3
a6 9. b4 Rc8 10. Nbd2 Be7 11. Nb3 Bd8 12. Na5 Bxa5 13. bxa5 Ngf6 14. Ra4 Ra8
15. Rb4 Ra7 16. Be2 Ne4 17. Nd2 Kd8 18. f3 Nxd2 19. Kxd2 Kc8 20. Rc1 Nf6 21.
Rc3 Ne8 22. Rcb3 1/2-1/2

[Event "Pere Noel Online"]
[Site "Chess.com"]
[Date "2020.12.27"]
[Round "3"]
[White "Stojanovski, Sandi"]
[Black "Tanaka, Tyler"]
[Result "1-0"]
[WhiteElo "2127"]
[BlackElo "2388"]
[PlyCount "49"]
[EventDate "2020.12.27"]
[EventType "swiss"]
[EventRounds "6"]
[EventCountry "CAN"]

1. c4 Nf6 2. Nc3 g6 3. e4 d6 4. d4 Bg7 5. Nf3 O-O 6. Be2 c5 7. O-O cxd4 8. Nxd4
Nc6 9. Be3 Bd7 10. Nb3 a5 11. a4 Nb4 12. f3 Bc6 13. Qd2 Nd7 14. Nd5 Bxd5 15.
exd5 b6 16. Nd4 Nc5 17. Ra3 Qd7 18. Bd1 Rac8 19. Nb5 e5 20. dxe6 Qxe6 21. Bd4
Bxd4+ 22. Qxd4 Rfe8 23. Qxd6 Qxc4 24. Qxb6 Qd4+ 25. Nxd4 1-0

[Event "Pere Noel Online"]
[Site "Chess.com"]
[Date "2020.12.28"]
[Round "4"]
[White "Adam, Rafael"]
[Black "Lynch, Jonathan"]
[Result "1-0"]
[WhiteElo "1913"]
[BlackElo "1773"]
[PlyCount "67"]
[EventDate "2020.12.27"]
[EventType "swiss"]
[EventRounds "6"]
[EventCountry "CAN"]

1. d4 d6 2. e4 Nf6 3. Nc3 Nbd7 4. Be3 e5 5. f3 c6 6. Qd2 a5 7. a4 Be7 8. Bc4
Qc7 9. Nge2 exd4 10. Nxd4 Ne5 11. Bb3 O-O 12. O-O-O Bd7 13. Qf2 Qb8 14. Rdg1 b5
15. axb5 cxb5 16. Nd5 Nxd5 17. Bxd5 Ra6 18. g4 a4 19. Kb1 a3 20. b3 Qc7 21. Qd2
Bf6 22. Rf1 Nc4 23. bxc4 bxc4 24. Qc3 a2+ 25. Ka1 Rb8 26. Bxc4 Rc6 27. g5 Rxc4
28. Qd3 Rb1+ 29. Rxb1 axb1=Q+ 30. Kxb1 Qb6+ 31. Nb3 Bd4 32. Bxd4 Bb5 33. Bxb6
Rb4 34. Qxd6 1-0

[Event "Pere Noel Online"]
[Site "Chess.com"]
[Date "2020.12.28"]
[Round "4"]
[White "Dube, Dominic"]
[Black "Magner, Wilhelm"]
[Result "1-0"]
[WhiteElo "1956"]
[BlackElo "1967"]
[PlyCount "113"]
[EventDate "2020.12.27"]
[EventType "swiss"]
[EventRounds "6"]
[EventCountry "CAN"]

1. e4 c6 2. d4 d5 3. e5 Bf5 4. Nf3 e6 5. Be2 c5 6. c3 Nc6 7. b3 Nge7 8. Bb2
cxd4 9. cxd4 Bg6 10. h4 h6 11. Nc3 Nf5 12. g4 Nfe7 13. h5 Bh7 14. Nb5 Nc8 15.
Rc1 a6 16. Nc3 Be7 17. Na4 Nb6 18. Nc5 Bxc5 19. Rxc5 Nd7 20. Rc1 Qa5+ 21. Bc3
Qxa2 22. g5 Qa3 23. Rg1 hxg5 24. Nxg5 Qf8 25. Nxh7 Rxh7 26. Bd3 Rh6 27. Qg4
O-O-O 28. Bd2 Rh8 29. Ke2 Kb8 30. Bxa6 Ne7 31. Bb5 Nf5 32. Bd3 Ne7 33. Qxg7
Qxg7 34. Rxg7 Rxh5 35. Rxf7 Nf5 36. Be3 Nxe3 37. Kxe3 Rh3+ 38. f3 Rc8 39. Rg1
Nb6 40. Rgg7 Rch8 41. Rxb7+ Ka8 42. Rxb6 Rxf3+ 43. Kxf3 Rf8+ 44. Kg4 Rf4+ 45.
Kg5 Rg4+ 46. Kf6 Rf4+ 47. Ke7 Rf8 48. Rxe6 Rc8 49. Kf6 Rf8+ 50. Rf7 Rh8 51. Bg6
Rg8 52. Rg7 Rf8+ 53. Bf7 Rb8 54. Re8 Ka7 55. Bxd5+ Ka6 56. Rxb8 Ka5 57. Ra7#
1-0

[Event "Pere Noel Online"]
[Site "Chess.com"]
[Date "2020.12.28"]
[Round "4"]
[White "Fundaro, Jean-Pierre"]
[Black "Therrien, Michel"]
[Result "1/2-1/2"]
[WhiteElo "1731"]
[BlackElo "1648"]
[PlyCount "61"]
[EventDate "2020.12.27"]
[EventType "swiss"]
[EventRounds "6"]
[EventCountry "CAN"]

1. e4 Nf6 2. e5 Nd5 3. c4 Nb6 4. d4 d6 5. exd6 exd6 6. Nc3 Be7 7. Bd3 Nc6 8.
Nge2 Bg4 9. f3 Bh5 10. O-O O-O 11. a3 Bf6 12. Be3 Re8 13. Bf2 Bg6 14. Re1 d5
15. Bxg6 hxg6 16. c5 Nc4 17. b3 Ne3 18. Qd2 Nf5 19. g4 Nh4 20. Qd3 Qd7 21. Kh1
Ne7 22. Bg3 g5 23. Ng1 Nhg6 24. Nh3 Nc6 25. Ne2 Re7 26. Nhg1 Rae8 27. Bf2 Nf4
28. Nxf4 Rxe1 29. Rxe1 Rxe1 30. Bxe1 gxf4 31. Ne2 1/2-1/2

[Event "Pere Noel Online"]
[Site "Chess.com"]
[Date "2020.12.28"]
[Round "4"]
[White "Latorre, Vincent"]
[Black "Stojanovski, Sandi"]
[Result "1-0"]
[WhiteElo "2011"]
[BlackElo "2081"]
[PlyCount "75"]
[EventDate "2020.12.27"]
[EventType "swiss"]
[EventRounds "6"]
[EventCountry "CAN"]

1. e4 c5 2. Nf3 Nc6 3. d4 cxd4 4. Nxd4 Nf6 5. Nc3 e5 6. Ndb5 d6 7. Bg5 a6 8.
Na3 b5 9. Nd5 Be7 10. Bxf6 Bxf6 11. c3 Bg5 12. Nc2 O-O 13. a4 bxa4 14. Rxa4 a5
15. b4 Rb8 16. b5 Ne7 17. Nce3 Bxe3 18. Nxe3 Bb7 19. Nd5 Bxd5 20. exd5 Qc7 21.
c4 e4 22. Be2 f5 23. O-O f4 24. Bg4 Ng6 25. Qd4 f3 26. g3 Qe7 27. Be6+ Kh8 28.
Qxe4 Qg5 29. h4 Qh6 30. Rxa5 Nf4 31. Ra3 Ne2+ 32. Kh2 Qf6 33. Bg4 Rbe8 34. Be6
Nd4 35. Re3 Ne2 36. b6 g5 37. hxg5 Qxg5 38. Rxf3 1-0

[Event "Pere Noel Online"]
[Site "Chess.com"]
[Date "2020.12.28"]
[Round "4"]
[White "Tanaka, Tyler"]
[Black "Jacobs, Jon"]
[Result "1-0"]
[WhiteElo "2394"]
[BlackElo "2113"]
[PlyCount "105"]
[EventDate "2020.12.27"]
[EventType "swiss"]
[EventRounds "6"]
[EventCountry "CAN"]

1. e4 c5 2. Nf3 d6 3. Nc3 a6 4. g3 Nc6 5. Bg2 g6 6. d4 cxd4 7. Nxd4 Bg7 8. Be3
Bd7 9. O-O Nf6 10. h3 Ne5 11. a4 Rc8 12. Nde2 b5 13. axb5 axb5 14. Nd5 O-O 15.
b3 Be6 16. Nd4 Bd7 17. Ra7 Nc6 18. Nxc6 Rxc6 19. Nxf6+ exf6 20. Qd3 Be6 21. f4
f5 22. e5 d5 23. c3 Qc8 24. Bd4 Qb8 25. Qd2 Rd8 26. Rfa1 Bf8 27. b4 Rc7 28.
R7a5 Rb7 29. Bf1 Be7 30. R1a3 Qc7 31. Rxb5 Rxb5 32. Bxb5 Rb8 33. Ra7 Qd8 34.
Bf1 Bd7 35. Ra5 Bc6 36. Qa2 Qc8 37. Ra7 Bd8 38. Bg2 Qe6 39. Ra6 Qd7 40. Qf2 Bb7
41. Ra7 Qe6 42. Bc5 Bc7 43. Qd4 Kg7 44. Rxb7 Rxb7 45. Bxd5 Qc8 46. e6+ f6 47.
Bxb7 Qxb7 48. e7 Qc6 49. Qd8 Bxd8 50. exd8=Q h6 51. Qf8+ Kh7 52. Qf7+ Kh8 53.
Bd4 1-0

[Event "Pere Noel Online"]
[Site "Chess.com"]
[Date "2020.12.28"]
[Round "5"]
[White "Jacobs, Jon"]
[Black "Dube, Dominic"]
[Result "1-0"]
[WhiteElo "2127"]
[BlackElo "1903"]
[PlyCount "65"]
[EventDate "2020.12.27"]
[EventType "swiss"]
[EventRounds "6"]
[EventCountry "CAN"]

1. e4 c6 2. d3 d5 3. Nd2 e5 4. Ngf3 Bd6 5. d4 Qc7 6. dxe5 Bxe5 7. exd5 cxd5 8.
Nxe5 Qxe5+ 9. Qe2 Nc6 10. Nf3 Qxe2+ 11. Bxe2 Nf6 12. O-O Bf5 13. c3 O-O 14. h3
Rfe8 15. Be3 Na5 16. Nd4 Bd7 17. Rad1 a6 18. Rfe1 Nc4 19. Bc1 b5 20. Bd3 Ne5
21. Bf1 Ne4 22. Nc2 Nf6 23. Bg5 Ne4 24. Bf4 Nc4 25. Bc1 Nb6 26. f3 Ng3 27. Bd3
Nc4 28. Kf2 Nf5 29. Rxe8+ Rxe8 30. Nb4 a5 31. Nxd5 Be6 32. Bxf5 Bxf5 33. Ne7+
1-0

[Event "Pere Noel Online"]
[Site "Chess.com"]
[Date "2020.12.28"]
[Round "5"]
[White "Laroche, Hugo"]
[Black "Fundaro, Jean-Pierre"]
[Result "1-0"]
[WhiteElo "1818"]
[BlackElo "1717"]
[PlyCount "73"]
[EventDate "2020.12.27"]
[EventType "swiss"]
[EventRounds "6"]
[EventCountry "CAN"]

1. d4 Nf6 2. Bf4 g6 3. Nf3 Bg7 4. e3 O-O 5. Nbd2 d5 6. c3 Ne4 7. c4 c6 8. Bd3
Qa5 9. O-O Bg4 10. Nxe4 dxe4 11. Bxe4 Qh5 12. h3 Bc8 13. Qb3 Nd7 14. Kh2 Nf6
15. Bd3 Bxh3 16. Kg1 Bh6 17. Bg3 Bg4 18. Ne5 Bc8 19. Rfd1 Ng4 20. Be2 Qf5 21.
Bxg4 Qe4 22. Bxc8 Rb8 23. Qa3 Ra8 24. Qb3 Raxc8 25. Qxb7 Rb8 26. Qxc6 Qxc6 27.
Nxc6 Rxb2 28. Nxe7+ Kg7 29. c5 Re8 30. Nc6 Bxe3 31. fxe3 Rxe3 32. Bf2 Ree2 33.
Rf1 h5 34. d5 g5 35. Bd4+ Kg8 36. Bxb2 Rxb2 37. d6 1-0

[Event "Pere Noel Online"]
[Site "Chess.com"]
[Date "2020.12.28"]
[Round "5"]
[White "Lynch, Jonathan"]
[Black "Therrien, Michel"]
[Result "0-1"]
[WhiteElo "1763"]
[BlackElo "1777"]
[PlyCount "130"]
[EventDate "2020.12.27"]
[EventType "swiss"]
[EventRounds "6"]
[EventCountry "CAN"]

1. d4 e6 2. Bf4 b6 3. e3 Bb7 4. Nd2 f5 5. Ngf3 Nf6 6. a3 Be7 7. Bc4 O-O 8. O-O
Bd5 9. Qe2 Kh8 10. Ne5 d6 11. Nd3 Nbd7 12. h4 Qe8 13. Ba6 Qg6 14. f3 Rae8 15.
c4 Ba8 16. b4 Bd8 17. Bg5 e5 18. d5 h6 19. Bxf6 Bxf6 20. Qf2 f4 21. e4 Qh5 22.
g4 fxg3 23. Qxg3 Bxh4 24. Qh3 Rf6 25. Kh1 Rg6 26. Rg1 Rxg1+ 27. Rxg1 Nf6 28.
Nf1 Bg5 29. Nf2 Rf8 30. Kg2 Qxh3+ 31. Nxh3 Nh7 32. Ng3 Bf6 33. Bb5 Rd8 34. Nf5
Bb7 35. Nf2 Bc8 36. Rh1 Kg8 37. Ng4 Bg5 38. Ba4 Bd7 39. Bb3 Kf7 40. c5 bxc5 41.
bxc5 Rb8 42. Rb1 Ba4 43. Ba2 Rxb1 44. Bxb1 Be7 45. Ba2 Nf6 46. Nxf6 Kxf6 47.
Nxe7 Kxe7 48. Kg3 dxc5 49. f4 Kf6 50. Kf3 Bc2 51. f5 h5 52. Bc4 g5 53. fxg6
Kxg6 54. Ke3 Kg5 55. Bb5 h4 56. Bd7 Bb1 57. a4 a5 58. Be6 Bc2 59. Bd7 c4 60.
Bb5 c3 61. Bd7 Kf6 62. Kf3 Ke7 63. Bb5 Kd6 64. Kg4 Bxe4 65. Kxh4 c2 0-1

[Event "Pere Noel Online"]
[Site "Chess.com"]
[Date "2020.12.28"]
[Round "5"]
[White "Sowa, Ryan"]
[Black "Tanaka, Tyler"]
[Result "1-0"]
[WhiteElo "2320"]
[BlackElo "2374"]
[PlyCount "101"]
[EventDate "2020.12.27"]
[EventType "swiss"]
[EventRounds "6"]
[EventCountry "CAN"]

1. Nf3 Nf6 2. c4 g6 3. Nc3 Bg7 4. e4 d6 5. d4 O-O 6. Be2 c5 7. O-O cxd4 8. Nxd4
Nc6 9. Be3 Nxd4 10. Bxd4 Bd7 11. Qd2 Bc6 12. f3 a5 13. b3 Nd7 14. Be3 Nc5 15.
Rac1 Qb6 16. Rc2 Rfc8 17. Rb1 Qd8 18. Bf1 h5 19. a3 Kh7 20. Nd5 Bxd5 21. exd5
Qf8 22. b4 axb4 23. axb4 Na4 24. c5 Bh6 25. Bxh6 Qxh6 26. Qxh6+ Kxh6 27. Ra1
dxc5 28. bxc5 Ra5 29. Rca2 Rca8 30. c6 b5 31. Re1 Nb6 32. Rxa5 Rxa5 33. Rxe7
Nxd5 34. Rb7 b4 35. c7 Rc5 36. Rb5 Rxc7 37. Rxd5 Rb7 38. Rb5 Ra7 39. Rxb4 Ra2
40. Rb7 f6 41. g3 Ra3 42. Kf2 Ra2+ 43. Be2 Ra3 44. Rf7 f5 45. f4 Ra1 46. Re7
Rh1 47. Kg2 Re1 48. Kf2 Rh1 49. h4 Ra1 50. Bc4 Rc1 51. Bg8 1-0

[Event "Pere Noel Online"]
[Site "Chess.com"]
[Date "2020.12.28"]
[Round "5"]
[White "Stojanovski, Sandi"]
[Black "Adam, Rafael"]
[Result "1-0"]
[WhiteElo "2099"]
[BlackElo "1905"]
[PlyCount "115"]
[EventDate "2020.12.27"]
[EventType "swiss"]
[EventRounds "6"]
[EventCountry "CAN"]

1. d4 Nf6 2. c4 e6 3. Nf3 b6 4. Nc3 Bb7 5. e3 Bb4 6. Bd2 O-O 7. Bd3 Bxc3 8.
Bxc3 Ne4 9. Rc1 f5 10. O-O d6 11. Be1 Nd7 12. Nd2 Qg5 13. f4 Qe7 14. Nxe4 fxe4
15. Be2 Nf6 16. f5 exf5 17. Rxf5 Nd7 18. Bg4 Bc8 19. Rxf8+ Nxf8 20. c5 Bxg4 21.
Qxg4 d5 22. Bg3 b5 23. c6 Ne6 24. Qf5 Rd8 25. Rf1 a6 26. h3 Qe8 27. Be5 Qe7 28.
Bg3 Qe8 29. Kh2 Qe7 30. Bh4 Qd6+ 31. Bg3 Qe7 32. Rf2 Qe8 33. Kh1 Qxc6 34. Qf7+
Kh8 35. Be5 Qe8 36. Qxe8+ Rxe8 37. Rf7 Kg8 38. Rd7 c6 39. Ra7 Rf8 40. Rxa6 Rc8
41. Ra7 Kf8 42. b4 h6 43. Kh2 h5 44. Kg3 g5 45. Rh7 h4+ 46. Kg4 Re8 47. Kf5 g4
48. hxg4 h3 49. gxh3 Kg8 50. Rh8+ Kf7 51. Rxe8 Kxe8 52. Kxe6 Kf8 53. h4 c5 54.
bxc5 b4 55. h5 b3 56. axb3 Kg8 57. g5 Kh7 58. g6+ 1-0

[Event "Pere Noel Online"]
[Site "Chess.com"]
[Date "2020.12.28"]
[Round "6"]
[White "Jacobs, Jon"]
[Black "Huang, Qiuyu"]
[Result "1/2-1/2"]
[WhiteElo "2126"]
[BlackElo "2113"]
[PlyCount "92"]
[EventDate "2020.12.27"]
[EventType "swiss"]
[EventRounds "6"]
[EventCountry "CAN"]

1. e4 c5 2. d4 cxd4 3. c3 d3 4. Bxd3 Nc6 5. c4 g6 6. Nf3 Bg7 7. O-O d6 8. h3
Nf6 9. Nc3 O-O 10. Be3 Nd7 11. Rc1 Nc5 12. Bb1 b6 13. b3 Bb7 14. Qd2 Qd7 15.
Rfd1 Rad8 16. Bh6 e6 17. Bxg7 Kxg7 18. b4 Nxb4 19. Qb2 Nc6 20. Rxd6 Qc8 21.
Rxd8 Qxd8 22. Rd1 Qf6 23. Qc2 Rd8 24. Rxd8 Qxd8 25. e5 Nd4 26. Nxd4 Qxd4 27.
Nb5 Qxe5 28. Nxa7 Be4 29. Qd1 Bb7 30. Nb5 Qg5 31. g3 Qf6 32. Qd4 e5 33. Qe3 Kf8
34. Nc3 Qe6 35. Kh2 f6 36. Be4 Nxe4 37. Nxe4 f5 38. Nc3 Kf7 39. Nd5 b5 40. Qa7
Qc6 41. Qa3 Qd7 42. Qc5 bxc4 43. Nb6 Qc6 44. Qxc6 Bxc6 45. Nxc4 Bd5 46. Nxe5+
Ke6 1/2-1/2